Here and there & What do you thing?

Bibliographic Details
Main Author: Ngatho,Stella & Browne, Anthony
Format: Book
Published: Oxford : Harcourt Education Limited , 2005
Series:Navigator dimensions Year 4, Book 3
Subjects:

MARC

LEADER 00000cam a2200000 7i4500
001 0000063364
005 20160528.0
008 160528
020 |a 0433065087 
020 |a 9780433065081 
090 0 0 |a JF   |b ENG 
100 1 |a Ngatho,Stella & Browne, Anthony 
245 1 0 |a Here and there & What do you thing?   |c Stella Ngatho & Anthony Browne 
260 |a Oxford :   |b Harcourt Education Limited ,   |c 2005 
300 |a 21p. :   |b col.ill. 
490 1 |a Navigator dimensions Year 4, Book 3 
500 |a Children ages 7-9 years old (orange) 
650 0 |a Children's stories, English 
999 |a 0001048599   |b Book   |c Children Collection   |e Cawangan Tangkak